Normal view
MARC view
- SOMETIMES YOU WIN SOMETIMES YOU LEARN
Entry Topical Term
001 - CONTROL NUMBER
- control field: 77067
003 - CONTROL NUMBER IDENTIFIER
- control field: NUST
005 - DATE AND TIME OF LATEST TRANSACTION
- control field: 20210628205811.0
008 - FIXED-LENGTH DATA ELEMENTS
- fixed length control field: 210628|| aca||aabn | a|a d
040 ## - CATALOGING SOURCE
- Original cataloging agency: NUST
- Transcribing agency: NUST
150 ## - HEADING--TOPICAL TERM
- Topical term or geographic name entry element: SOMETIMES YOU WIN SOMETIMES YOU LEARN
670 ## - SOURCE DATA FOUND
- Source citation: Work cat.: (NUST): Maxwell, John C 56052, Sometimes you win sometimes you learn,lifes greatest lessons are gained from our loses, 2013
